000 00569nam a2200193Ia 4500
003 GCL
008 140319s9999 xx 000 0 ara d
040 _aGCL /
_cGCL
082 0 4 _a891.7
_bد ا
100 1 _aدوبوف، نيكولاى
245 1 0 _aاضواء على النهر /
_cدوبوف، نيكولاى
700 1 _aغائب فرمان (ترجمة)
300 _a176 ص
490 _a
650 0 4 _aالقصص الروسية
650 0 4 _aالادب الروسى المترجم
650 0 4 _aالادب العالمى المترجم
942 _2ddc
_cBK
999 _c40153
_d40153